Contrôle et confiance dans l'entreprise virtuelle Illustrations logistiques (notice n° 1668130)
[ vue normale ]
| 000 -LEADER | |
|---|---|
| fixed length control field | 01266cam a2200169 4500500 |
| 005 - DATE AND TIME OF LATEST TRANSACTION | |
| control field | 20260222004202.0 |
| 041 ## - LANGUAGE CODE | |
| Language code of text/sound track or separate title | fre |
| 042 ## - AUTHENTICATION CODE | |
| Authentication code | dc |
| 100 10 - MAIN ENTRY--PERSONAL NAME | |
| Personal name | Fenneteau, Hervé |
| Relator term | author |
| 245 00 - TITLE STATEMENT | |
| Title | Contrôle et confiance dans l'entreprise virtuelle Illustrations logistiques |
| 260 ## - PUBLICATION, DISTRIBUTION, ETC. | |
| Date of publication, distribution, etc. | 2005.<br/> |
| 500 ## - GENERAL NOTE | |
| General note | 44 |
| 520 ## - SUMMARY, ETC. | |
| Summary, etc. | La supply chain fournit un exemple d’entreprise virtuelle dans laquelle plusieurs organisations sont aujourd’hui étroitement impliquées dans un même réseau de relations formant une entité plus vaste qui les transcende en un tout organisé. La qualité des collaborations qui s’instaurent au sein de cette entité virtuelle apparaît comme un facteur critique de son efficacité. Si dans la littérature, comme dans le sens commun, la thèse d’un antagonisme entre confiance et contrôle est souvent avancée, les pratiques actuelles développées dans la gestion de la supply chain tendent à montrer que ces expériences de collaboration conjuguent intimement confiance et contrôle. |
| 700 10 - ADDED ENTRY--PERSONAL NAME | |
| Personal name | Naro, Gérald |
| Relator term | author |
| 786 0# - DATA SOURCE ENTRY | |
| Note | Revue française de gestion | 156 | 3 | 2005-06-01 | p. 203-219 | 0338-4551 |
| 856 41 - ELECTRONIC LOCATION AND ACCESS | |
| Uniform Resource Identifier | <a href="https://shs.cairn.info/revue-francaise-de-gestion-2005-3-page-203?lang=fr&redirect-ssocas=7080">https://shs.cairn.info/revue-francaise-de-gestion-2005-3-page-203?lang=fr&redirect-ssocas=7080</a> |
Pas d'exemplaire disponible.




Réseaux sociaux